000 00682nam a2200277Ia 4500
005 20260320195837.0
008 008 262003s9999 xx 000 0 hin d
020 _a9788126726943
037 _aEBOOK
040 _aCRL
040 _bhin
040 _cCRL
041 _2hin
041 _ahin
084 _qCRL
100 _aअजय सोडानी
_91133287
245 0 _aदर्रा-दर्रा हिमालय
250 _a4th
260 _bRajkamal
260 _c2014
300 _a160
856 _uhttps://ebook.indiaread.in/pdfs/darra_darra_himalya_by_ajay_sodani.pdf
942 _cEBOOK
999 _c1716810
_d1716810